00939nam a2200217 a 450000100100000000500170001000800410002702000180006804000250008610000470011124500330015826000400019130000280023149000290025950000550028883000340034395201110037795201050048895201110059399900170070400003928420240226141338.0130621s2012 dr a 000 0 spa d a9789945455892 aDO-SdBNPbspacBNPHU1 aRabelo Cartagena, José A.,d1963-95721310aEsquelares /cJosé Rabelo. aSanto Domingo :bIsla Negra,c2012. a143 p. :bil. ;c22 cm.1 aEl rostro y la máscara aIncluye datos biográficos del autor en la solapa 0aEl rostro y la máscara9251 0010718DSaGRbGRcCTd2013-06-21iLF1l0o p39284-30r2020-06-25te. 3w2020-06-25yLFDSZNo se presta 0010718PDaPDbPDcCTd2013-06-21iLF1l0o p39284-10r2020-06-25w2020-06-25yLFPDZNo se presta 0010718PDaPDbPDcCTd2013-06-21iLF1l0o p39284-20r2020-06-25te. 2w2020-06-25yLFPDZNo se presta c38774d38774